000 00728nam a2200253 i 4500
008
020 _a9780273711360 (pbk.)
049 _aMAIN
090 _aHF5635
_bMcL
100 1 _aMcLaney, Eddie.
245 1 0 _aAccounting :
_ban introduction /
_cEddie McLaney and Peter Artrill.
250 _a4th ed.
260 _aHarlow :
_bPearson Education,
_c2008.
300 _axxix, 797 p. :
_bill. ;
_c25 cm.
500 _aIncludes index.
504 _aIncludes bibliographical references.
650 0 _aAccounting.
700 1 _aArtrill, Peter.
907 _a.b10335948
_b03-12-13
_c22-10-13
003
005 20230123122034.0
040 _cNUST
942 _cBOOKS
_kHF5635
_mMcL
999 _c126753
_d126753